• 首页
  • 本馆介绍
  • 公告通知
  • 最新文献
  • 馆藏检索
  • 电子资源
  • 读者导购
  • 参考咨询
  • 我的图书馆
  • 登录
  • 详细信息显示
  • 放入我的书架
  • 预约/预借图书
  • 作者相关作品
  • 分类相关作品
  • 丛书相关作品
  • 出版社相关作品

书目信息

  • 表格格式
  • 工作单格式
  • 卡片格式
题名:
教育基本原理文集
    
 
作者: ;北京师大高等学校干部进修班 , 北京师大教育系 编
分册: 上册  
出版信息:    
页数: 630页
开本: 19cm
丛书名:
单 册:
中图分类: G40-53
科图分类:
主题词: 教育学
电子资源:
ISBN:
000 00688nam0 2200205 45
001 0405081169
005 20040508111839.0
010    @dCNY3.05
100    @a20040508d km y0chiy0120 ea
101 0  @achi
105    @a z 000yy
200 1  @a教育基本原理文集@h上册@AJiao Yu Ji Ben Yuan Li Wen Ji@f北京师大高等学校干部进修班,北京师大教育系编@FBei Jing Shi Da Gao Deng Xue Xiao Gan Bu Jin Xiu Ban,Bei Jing Shi Da Jiao Yu Xi Bian
210    @e北京@g北京师范大学@h[不祥]
215    @a630页@d19cm
606 0  @a教育学
690    @aG40-53@v3
711 02 @a北京师大高等学校干部进修班@4编
711 02 @a北京师大教育系@4编
801    @aCN@bTSTCL@c20040508
905    @f4@b92803-806@dG40-53@e109:1
    
    教育基本原理文集.上册/北京师大高等学校干部进修班,北京师大教育系编.-(北京:北京师范大学,[不祥])
    630页;19cm
    
    
    ISBN :CNY3.05
    
●
相关链接 在E读中查询图书 在五车中查询图书 在当当中查询图书 在豆瓣中查询图书


正题名:教育基本原理文集     索取号:G40-53/109:1         预约/预借

序号 登录号 条形码 馆藏地/架位号 状态 备注
1 0092805   000999316   第四借阅区/ [索取号:G40-53/109:1] 在馆    
2 0092806   000999325   第四借阅区/ [索取号:G40-53/109:1] 在馆    
3 0092807   000999290   第一样本阅览室/ [索取号:G40-53/109:1] 在馆    
唐山师范学院图书馆 欢迎您!
大连网信软件有限公司© 版权所有